Stany USA z największą ilością imigrantów - Statystyki

Ogólne statystyki
  • Ten quiz został rozwiązany 14 razy
  • Średni wynik to 5 z 10
Statystyki odpowiedzi
% Stany % Poprawnych
27.3 Kalifornia
100%
23.1 Nowy Jork
100%
22.1 Floryda
80%
17.9 Teksas
70%
19.2 Nevada
40%
17.8 Hawaje
30%
18.0 Massachusetts
20%
24.2 New Jersey
20%
16.3 Connecticut
10%
17.0 Maryland
10%
Nie znaleziono quizów pasujących do podanych kryteriów
Rozkład punktacji
Procent ludzi z każdym wynikiem
Percentyl według liczby udzielonych odpowiedzi
Twoja historia wyników
Nie rozwiązałeś tego quizu